00668nam a2200181 a 450000100100000000500170001000800410002704000250006808200160009310000390010924500870014826000410023530000280027670000420030404900090034695201140035599900170046900001684620200929164954.0100310s1969 dr a 000 0 spa d aDO-SdBNPbspacBNPHU axxxxbP438l1 aPérez Lluberes, Kremly M.93730210aLógica elemental /cKreemly M. Pérez Llluberes, Basilio de León del Rosario. aSanto Domingo :bDe La Salle,c1969. a154 p. :bil. ;c22 cm.1 aRosario, Basilio de León del937303 aBNPD 0010718PDaPDbPDcCTd2010-03-10iLF1l0oxxxx P438lp16846-10r2020-06-25w2020-06-25yLFPDZNo se presta c16378d16378